| 000 | 00846nam a2200229 a 4500 | ||
|---|---|---|---|
| 001 | 000007264 | ||
| 005 | 20200929154120.0 | ||
| 008 | 090907s2006 dr ac 000 0 spa d | ||
| 020 | _a9945140094 | ||
| 040 |
_aDO-SdBNP _bspa _cBNPHU |
||
| 082 |
_a920.5 _bT693m |
||
| 100 | 1 |
_aTorres Reynoso, Ruben A., _d, _920154 |
|
| 245 | 1 | 0 |
_aMemorias de los contadores dominicanos / _cRuben A. Torres Reynoso ; prólogo Enrique Vidal Vidal. |
| 260 |
_aSanto Domingo : _bSemper Veritate Fidelli, _c2006. |
||
| 300 |
_a305 p. : _bil., retrs. ; _c22 cm. |
||
| 504 | _aBibliografía : p. 303-304 | ||
| 650 | 4 |
_aContadores _zRepública Dominicana _xBiografía _920155 |
|
| 650 | 4 |
_aContabilidad _xEnseñanza _920156 |
|
| 650 | 4 |
_aContabilidad _xLegislación _920157 |
|
| 700 | 1 |
_aVidal Vidal, Enrique, _epról. _920158 |
|
| 910 | _aValidado. Control de calidad. MMOLINA | ||
| 999 |
_c7045 _d7045 |
||